| 000 | 01599nam a22002657a 4500 | ||
|---|---|---|---|
| 001 | 113628 | ||
| 003 | DR-UNIBE | ||
| 005 | 20250514110256.0 | ||
| 008 | 250514b2025 xxu||||| |||| 00| 0 spa d | ||
| 020 | _a9789945292978 | ||
| 040 |
_aBIBLIOTECA UNIBE _cBIBLIOTECA UNIBE _erda |
||
| 041 | _aspa | ||
| 082 | _aRD 523.12 V297a 2025 | ||
| 100 | 1 |
_aVargas López, Rafael Antonio _9155718 _eautor |
|
| 245 | 1 | 3 |
_aEl abrazo de la eternidad : _bdanza con la singularidad / _cRafael Antonio Vargas López |
| 250 | _aSegunda edición | ||
| 260 |
_aOrlando : _bEdición de Bolsillo, _c2025 |
||
| 300 | _a556 páginas | ||
| 505 | _aCapítulo 1. Raices de gratitud | Capítulo 2. La conferencia mundial | Capítulo 3. La vida de Rael | Capítulo 4. El cielo de los elegidos | Capítulo 5. El infierno interior | Capítulo 6. La trascendencia infinita | Capítulo 7. Los susurros de liana | Capítulo 8. Los lazos que nos unen | Capítulo 9. El espejo del alma | Capítulo 10. La convergencia de los caminos | Capítulo 11. Reflejos cuánticos del alma | Capitulo 12. El lápiz, el cristal y el beso | Capítulo 13. El eco del atractor | Capitulo 14. El enigma | Capitulo 15. El laberinto de la mente | Capitulo 16. La seducción de la inmortalidad | Capitulo 17. El presagio del enfrentamiento | Capitulo 18. El último reflejo | Capitulo 19. El llamado de la eternidad | Capitulo 20. La danza con la singularidad | | ||
| 650 | 7 |
_2lemb _aExistencias _9195332 |
|
| 650 | 7 |
_2lemb _aCosmología |
|
| 650 | 7 |
_2lemb _aLiteratura dominicana |
|
| 650 | 7 |
_2lemb _aFilosofía |
|
| 942 |
_2ddc _cBK |
||
| 999 |
_c113628 _d113628 |
||